| 000 | 00500nam a2200169Ia 4500 | ||
|---|---|---|---|
| 003 | OSt | ||
| 005 | 20200821111257.0 | ||
| 008 | 190216s9999||||xx |||||||||||||| ||und|| | ||
| 020 | _a9788126510993 | ||
| 040 | _coclc | ||
| 082 |
_a620.5 _bPOO/I |
||
| 100 |
_aPoole, Charles P _94255 |
||
| 245 | 0 |
_aIntroduction To Nanotechnology / _cCharles P Poole ; Frank J Owens |
|
| 260 |
_bWiley Students, _c2011. _aDelhi: |
||
| 300 | _a388p | ||
| 942 |
_cBK _2ddc _h620.5 _iPOO/I _k620.5 _mPOO/I |
||
| 999 |
_c3516 _d3516 |
||